| 000 | 00584nam a22001817a 4500 | ||
|---|---|---|---|
| 005 | 20251108172717.0 | ||
| 008 | 250721s2002 xx 000 0 ara d | ||
| 082 | 1 | 4 | _a344.095/مشي |
| 100 | 1 |
_aمشيمش، ضياء أمين _eمؤلف |
|
| 245 | 1 | 0 |
_aالتوقيع الإلكتروني : _bدراسة مقارنة / |
| 264 | 1 |
_aبيروت : _bمكتبة صادر ناشرون، _c2002. |
|
| 300 | _a304ص. | ||
| 650 | 1 | 7 | _aالقانون الخاص |
| 650 | 1 | 7 | _aتكنولوجيا المعلومات |
| 650 | 1 | 7 | _aأمن الحاسوب |
| 942 |
_2ddc _cBK |
||
| 999 |
_c86531 _d86531 |
||